Detalles MARC
| 000 -LEADER |
| campo de control de longitud fija |
02103nam a22003497a 4500 |
| 001 - NÚMERO DE CONTROL |
| campo de control |
42835 |
| 003 - IDENTIFICADOR DE NÚMERO DE CONTROL |
| campo de control |
gtgccic |
| 005 - FECHA Y HORA DE LA ÚLTIMA TRANSACCIÓN |
| campo de control |
20251113153817.0 |
| 007 - CAMPO FIJO DE DESCRIPCIÓN FÍSICA--INFORMACIÓN GENERAL |
| campo de control de longitud fija |
ta |
| 008 - DATOS DE LONGITUD FIJA--INFORMACIÓN GENERAL |
| campo de control de longitud fija |
251113b gt ||||| |||| 00| 0 spa d |
| 040 ## - FUENTE DE CATALOGACIÓN |
| Centro catalogador/agencia de origen |
gtgccic |
| Lengua de catalogación |
spa |
| Centro/agencia transcriptor |
gtgccic |
| Normas de descripción |
rda |
| 084 ## - OTRO NÚMERO DE CLASIFICACIÓN |
| Número de control del registro de autoridad o número normalizado |
TPI-17-0117 |
| 100 10 - ENTRADA PRINCIPAL--NOMBRE DE PERSONA |
| Nombre de persona |
Magda Dinora Hernández Choc |
| Fechas asociadas al nombre |
Arquitecta |
| Término indicativo de función/relación |
autor |
| 245 10 - MENCIÓN DEL TÍTULO |
| Título |
Diseño de tanque de captación y tratamiento de agua, |
| Resto del título |
Casillas, Santa Rosa / |
| Mención de responsabilidad, etc. |
Hernández Choc, Magda Dinora |
| 264 #1 - PRODUCCIÓN, PUBLICACIÓN, DISTRIBUCIÓN, FABRICACIÓN Y COPYRIGHT |
| Producción, publicación, distribución, fabricación y copyright |
Guatemala, Guatemala : |
| Nombre del de productor, editor, distribuidor, fabricante |
USAC, Facultad de Ingeniería ; |
| Fecha de producción, publicación, distribución, fabricación o copyright |
2017.- |
| 300 ## - DESCRIPCIÓN FÍSICA |
| Extensión |
xiv, 101 p. : |
| Otras características físicas |
il. ; |
| Dimensiones |
27 cm |
| 336 ## - TIPO DE CONTENIDO |
| Fuente |
rdacontenido |
| Término de tipo de contenido |
Texto |
| Código de tipo de contenido |
txt |
| 337 ## - TIPO DE MEDIO |
| Fuente |
rdamedio |
| Nombre/término del tipo de medio |
sin mediación |
| Código del tipo de medio |
n |
| 338 ## - TIPO DE SOPORTE |
| Fuente |
rdasoporte |
| Nombre/término del tipo de soporte |
volumen |
| Código del tipo de soporte |
nc |
| 502 ## - NOTA DE TESIS |
| Nota de tesis |
Tesis Postgrado |
| Tipo de título |
MAESTRA EN ARTES EN INGENIERÍA PARA EL DESARROLLO MUNICIPAL |
| Nombre de la institución que otorga el título |
USAC, Facultad de Ingeniería, Escuela de Postgrado |
| Año de obtención del título |
2017 |
| Identificador de la tesis |
TPI-17-0117 |
| 504 ## - NOTA DE BIBLIOGRAFÍA, ETC. |
| Nota de bibliografía, etc. Nota |
Bibñiografía pag. 69 |
| 505 ## - NOTA DE CONTENIDO CON FORMATO |
| Título |
1. CARACTERIZACIÓN DEL MUNICIPIO |
| 505 ## - NOTA DE CONTENIDO CON FORMATO |
| Título |
2. EL MUNICIPIO Y EL AGUA POTABLE |
| 505 ## - NOTA DE CONTENIDO CON FORMATO |
| Título |
3. PROPUESTA PARA MEJORAR LA CAPTACIÓN Y PURIFICACIÓN DEL AGUA EN CASILLAS, SANTA ROSA |
| 505 ## - NOTA DE CONTENIDO CON FORMATO |
| Título |
4. DISEÑO DE TANQUE DE CAPTACIÓN |
| 505 ## - NOTA DE CONTENIDO CON FORMATO |
| Título |
5. PRESENTACIÓN DE RESULTADOS |
| 520 #3 - RESUMEN, ETC. |
| Sumario, etc. |
Cuando los habitantes de las comunidades no cuentan con agua necesaria para vivir, se encuentran en riesgo de adquirir diversas enfermedades, sumado a esto, no sea potable y apta para consumo humano también se corre el riesgo de adquirir enfermedades. Por el contrario , si la comunidad cuenta con acceso al agua en condiciones normales la salud y el desarrollo de todos es mejor. Es el caso que presenta un sector del municipio de Casillas, Santa Rosa, el sistema de tanques que abastece a ciertas comunidades sus condiciones físicas se muestran deterioradas presenta filtración, acumulación de moho y la contaminación que produce el agua, su tecnología es inadecuada para satisfacer las necesidades de la población. |
| 650 ## - PUNTO DE ACCESO ADICIONAL DE MATERIA--TÉRMINO DE MATERIA |
| Término de materia o nombre geográfico como elemento de entrada |
ABASTECIMIENTO DE AGUA |
| 700 ## - ENTRADA AGREGADA--NOMBRE PERSONAL |
| Nombre de persona |
MSc. Arq. Luis Estuardo Ovando Lavagnino |
| Término indicativo de función/relación |
asesor |
| 942 ## - ELEMENTOS DE ENTRADA SECUNDARIOS (KOHA) |
| Fuente de la clasificación o esquema de estantería |
Clasificación Decimal Dewey |
| Tipo de ítem Koha |
TESISPOSTGRADO |
| 945 ## - PROCESAMIENTO DE INFORMACIÓN LOCAL (OCLC) |
| a |
amlo |